[Event "28th Czech Open E 2018"]
[Site "Pardubice CZE"]
[Date "2018.07.13"]
[Round "2.4"]
[White "Roskova, Katerina"]
[Black "Tikovsky, Alexandr"]
[Result "0-1"]
[WhiteElo "1950"]
[BlackElo "2169"]
[WhiteTeam "ROSKOVA SACHOVA AKADEMIE A"]
[BlackTeam "MORAVSKA SLAVIA BRNO A (MCR)"]
[WhiteFideId "330558"]
[BlackFideId "313009"]
[EventDate "2018.07.12"]
[EventType "team"]

1. d4 g6 2. e4 Bg7 3. Nc3 c6 4. Nge2 d5 5. g3 h5 6. Bg2 Nf6 7. h3 dxe4 8. Nxe4
Nxe4 9. Bxe4 Nd7 10. c3 Nf6 11. Bg2 Bf5 12. Bf4 Qd7 13. Be5 Rd8 14. Nf4 O-O 15.
O-O Bh6 16. Kh2 h4 17. Qe2 Nd5 18. Nxd5 cxd5 19. g4 Be6 20. Kh1 f6 21. Bh2 f5
22. Rae1 Kf7 23. f4 Bg7 24. g5 Qd6 25. Rf3 Bd7 26. Re3 e6 27. Qf2 Rh8 28. Ra1 b5
29. a3 a5 30. Ree1 Rc8 31. Bf1 Qb6 32. Bg1 Bf8 33. Qe3 Bd6 34. Rec1 Rc7 35. Qf2
Qb8 36. Bh2 Rb7 37. b4 Ra7 38. Be2 Qc7 39. Kg2 Qb6 40. Kf3 Rh7 41. Bd3 Rc7 42.
Bg1 Rh8 43. Qe1 Bc6 44. Bf2 Re7 45. Ra2 Qc7 46. Be3 e5 47. fxe5 Bxe5 48. Re2 Bg3
49. Bf2 Qf4+ 50. Kg2 Rxe2 51. Bxe2 Bxf2 0-1

[Event "28th Czech Open E 2018"]
[Site "Pardubice CZE"]
[Date "2018.07.13"]
[Round "2.1"]
[White "Kosek, Jiri"]
[Black "Potapov, Pavel"]
[Result "0-1"]
[BlackTitle "GM"]
[WhiteElo "2102"]
[BlackElo "2500"]
[WhiteTeam "SK VYSOKE MYTO (MCR)"]
[BlackTeam "YAMAL 1"]
[WhiteFideId "312746"]
[BlackFideId "4169786"]
[EventDate "2018.07.12"]
[EventType "team"]

1. d4 f5 2. c4 Nf6 3. Nc3 d6 4. g3 g6 5. Bg2 Bg7 6. Nf3 O-O 7. O-O c6 8. b3 Qa5
9. Bb2 e5 10. e3 e4 11. Ng5 h6 12. Nh3 g5 13. a3 d5 14. b4 Qd8 15. Qb3 Be6 16.
cxd5 Nxd5 17. Qc2 Qd7 18. Rae1 Na6 19. Kh1 Nxc3 20. Bxc3 f4 21. Nxf4 gxf4 22.
exf4 Bc4 23. Rg1 Bd3 24. Qb2 Rae8 25. Qb3+ Qd5 26. Qd1 Nc7 27. Bb2 Qf5 28. Qd2
Rd8 29. Rd1 Ne6 30. Rge1 Nxd4 31. Bxd4 Rxd4 32. f3 exf3 33. Bxf3 Be4 34. Bxe4
Rxe4 35. Rf1 Rfe8 36. Rf2 Bd4 37. Rg2 Qd5 38. h3 Re2 0-1

[Event "28th Czech Open E 2018"]
[Site "Pardubice CZE"]
[Date "2018.07.13"]
[Round "2.2"]
[White "Belyakov, Bogdan"]
[Black "Kosek, Marek"]
[Result "1-0"]
[WhiteTitle "IM"]
[WhiteElo "2489"]
[BlackElo "2113"]
[WhiteTeam "YAMAL 1"]
[BlackTeam "SK VYSOKE MYTO (MCR)"]
[WhiteFideId "24104795"]
[BlackFideId "337099"]
[EventDate "2018.07.12"]
[EventType "team"]

1. e4 c5 2. c3 d5 3. exd5 Qxd5 4. d4 Nf6 5. Nf3 Bg4 6. Be2 e6 7. h3 Bh5 8. O-O
cxd4 9. cxd4 Be7 10. Nc3 Qd8 11. Qb3 O-O 12. Qxb7 Nbd7 13. Rd1 Nb6 14. Ne5 Bxe2
15. Nc6 Ba6 16. Qxa6 Qc7 17. Nxe7+ Qxe7 18. Bg5 h6 19. Bh4 Rfd8 20. Rac1 Rd7 21.
a4 Rad8 22. a5 Nbd5 23. Nxd5 Rxd5 24. Bxf6 gxf6 25. Rc3 Qb4 26. Rg3+ Kh7 27.
Qxa7 R8d7 28. Qa8 Rd8 29. Qc6 Qxa5 30. Kh2 Qb4 31. Qc2+ f5 32. Rdd3 Qd6 33. Ra3
Qe7 34. Qc3 Qd7 35. Qe1 Qc7 36. Qa1 Qe7 37. b3 R8d7 38. Ra8 Rd8 39. Ra4 R8d7 40.
Rc4 Qd8 41. Qc3 Qe7 42. b4 Rd8 43. b5 Qf6 44. b6 Rb5 45. Rb4 Rxb4 46. Qxb4 f4
47. Rb3 Rg8 48. Qc3 Qg5 49. Qd3+ Kh8 50. Qe4 Rb8 51. b7 Kg7 52. Rc3 Qd5 53. Qxd5
exd5 54. Rc7 Kf6 55. Kg1 Kf5 56. f3 1-0

[Event "28th Czech Open E 2018"]
[Site "Pardubice CZE"]
[Date "2018.07.13"]
[Round "2.3"]
[White "Dosedel, Jiri"]
[Black "Potapov, Alexander1"]
[Result "0-1"]
[BlackTitle "GM"]
[WhiteElo "2084"]
[BlackElo "2404"]
[WhiteTeam "SK VYSOKE MYTO (MCR)"]
[BlackTeam "YAMAL 1"]
[WhiteFideId "332437"]
[BlackFideId "4115074"]
[EventDate "2018.07.12"]
[EventType "team"]

1. Nf3 f5 2. c4 Nf6 3. Nc3 d6 4. d4 g6 5. Bg5 Bg7 6. Nd5 Nxd5 7. cxd5 c6 8. dxc6
Nxc6 9. e3 h6 10. Bh4 g5 11. Bg3 e5 12. dxe5 dxe5 13. Qxd8+ Kxd8 14. O-O-O+ Ke7
15. h3 Be6 16. Kb1 Rhd8 17. Be2 f4 18. Bh2 Bf5+ 19. Ka1 Nb4 20. a3 Nc2+ 21. Ka2
e4 22. Ne1 Rxd1 23. Bxd1 Nxe1 24. Rxe1 Rd8 25. Bh5 Rd2 26. Re2 Be6+ 27. Kb1 Rd1+
28. Kc2 Rh1 29. Bxf4 Bc4 30. Bg3 Bd3+ 31. Kb3 Bxe2 32. Bxe2 Rb1 33. Bc4 Rxb2+
34. Ka4 a6 35. Bd5 Bc3 0-1

[Event "28th Czech Open E 2018"]
[Site "Pardubice CZE"]
[Date "2018.07.13"]
[Round "2.4"]
[White "Krapivin, Vladislav"]
[Black "Ptacek, Lubos"]
[Result "1-0"]
[WhiteTitle "IM"]
[WhiteElo "2310"]
[BlackElo "2061"]
[WhiteTeam "YAMAL 1"]
[BlackTeam "SK VYSOKE MYTO (MCR)"]
[WhiteFideId "4126149"]
[BlackFideId "320323"]
[EventDate "2018.07.12"]
[EventType "team"]

1. e4 e5 2. Nc3 Nc6 3. Nf3 d6 4. d4 exd4 5. Nxd4 Bd7 6. Bf4 Nf6 7. Qd2 Be7 8.
O-O-O O-O 9. f3 a6 10. g4 Ne5 11. Be2 b5 12. Nf5 b4 13. Nb1 Be6 14. Bxe5 Bxf5
15. Bxf6 Bxf6 16. exf5 Qe7 17. f4 Rfe8 18. Bf3 1-0

[Event "28th Czech Open E 2018"]
[Site "Pardubice CZE"]
[Date "2018.07.13"]
[Round "2.1"]
[White "Svoboda, Vaclav2"]
[Black "Rehorek, Martin"]
[Result "1/2-1/2"]
[WhiteElo "2405"]
[BlackElo "2264"]
[WhiteTeam "SK SOKOL VYSEHRAD A"]
[BlackTeam "SOKOL MLADA BOLESLAV (MCR)"]
[WhiteFideId "323551"]
[BlackFideId "303704"]
[EventDate "2018.07.12"]
[EventType "team"]

1. e4 c5 2. Nf3 e6 3. b3 Nc6 4. Bb5 Nd4 5. Nxd4 cxd4 6. O-O a6 7. Bd3 Ne7 8. Bb2
Nc6 9. c3 Bc5 10. Na3 O-O 11. Nc2 dxc3 12. dxc3 Qh4 13. Ba3 Bxa3 14. Nxa3 d5 15.
exd5 exd5 16. Qd2 Be6 17. Nc2 Rac8 18. Rfd1 g6 19. Rac1 Rfd8 20. Be2 d4 21. c4
Ne5 22. Ne1 1/2-1/2

[Event "28th Czech Open E 2018"]
[Site "Pardubice CZE"]
[Date "2018.07.13"]
[Round "2.2"]
[White "Crha, Pavel"]
[Black "Vavra, Pavel1"]
[Result "1/2-1/2"]
[BlackTitle "IM"]
[WhiteElo "2106"]
[BlackElo "2352"]
[WhiteTeam "SOKOL MLADA BOLESLAV (MCR)"]
[BlackTeam "SK SOKOL VYSEHRAD A"]
[WhiteFideId "324094"]
[BlackFideId "301841"]
[EventDate "2018.07.12"]
[EventType "team"]

1. c4 b6 2. Nf3 Bb7 3. g3 e6 4. Bg2 d5 5. O-O Nd7 6. b3 a5 7. cxd5 exd5 8. d4 a4
9. bxa4 Ngf6 10. Nc3 Be7 11. Ne5 O-O 12. Qb3 c5 13. Nxd5 Nxd5 14. Bxd5 Bxd5 15.
Qxd5 Nxe5 16. Qxd8 Rfxd8 17. dxe5 Rxa4 18. Rb1 Rb8 19. Rb2 c4 20. Be3 b5 21.
Rfb1 b4 22. Bd2 h6 23. Kf1 Kh7 24. e4 Rb5 25. Ke2 Rxe5 26. Bxb4 Bxb4 27. Rxb4
Rxa2+ 28. Ke3 f5 29. Rxc4 fxe4 1/2-1/2

[Event "28th Czech Open E 2018"]
[Site "Pardubice CZE"]
[Date "2018.07.13"]
[Round "2.3"]
[White "Jacek, Martin"]
[Black "Kubin, Vladimir"]
[Result "0-1"]
[WhiteElo "2185"]
[BlackElo "2030"]
[WhiteTeam "SK SOKOL VYSEHRAD A"]
[BlackTeam "SOKOL MLADA BOLESLAV (MCR)"]
[WhiteFideId "305812"]
[BlackFideId "379697"]
[EventDate "2018.07.12"]
[EventType "team"]

1. b3 d5 2. Bb2 Bf5 3. e3 e6 4. g4 Be4 5. Nf3 Nf6 6. d3 Bxf3 7. Qxf3 Bb4+ 8. Nd2
Bxd2+ 9. Kxd2 O-O 10. h4 Nbd7 11. Bh3 c5 12. g5 Ne8 13. Rag1 Qe7 14. Qg4 Rc8 15.
h5 Rc6 16. c4 dxc4 17. dxc4 f5 18. gxf6 Ndxf6 19. Qh4 Ra6 20. a4 Rd6+ 21. Kc2
Nd5 22. Qg3 Nb4+ 23. Kb1 Rf7 24. Rd1 Rd3 25. Rxd3 Nxd3 26. f4 Nxb2 27. Kxb2 Qd6
28. Kc2 Rd7 29. Qe1 Qd3+ 30. Kb2 Rd6 31. Rh2 Nf6 32. h6 gxh6 33. Rg2+ Kf7 34.
Qg3 Qg6 35. Qh4 Qh5 36. Qg3 Qg6 37. Qh2 Qd3 38. f5 exf5 39. Bxf5 Qd1 40. Bc2 Qf3
41. Rg3 Rd2 0-1

[Event "28th Czech Open E 2018"]
[Site "Pardubice CZE"]
[Date "2018.07.13"]
[Round "2.4"]
[White "Lochman, Vaclav"]
[Black "Rut, Vojtech"]
[Result "1/2-1/2"]
[WhiteElo "1985"]
[BlackElo "2128"]
[WhiteTeam "SOKOL MLADA BOLESLAV (MCR)"]
[BlackTeam "SK SOKOL VYSEHRAD A"]
[WhiteFideId "302503"]
[BlackFideId "333190"]
[EventDate "2018.07.12"]
[EventType "team"]

1. e4 c6 2. d4 d5 3. Nd2 dxe4 4. Nxe4 Nf6 5. Nxf6+ gxf6 6. Nf3 Bg4 7. Be2 Qd5 8.
c3 Nd7 9. Be3 Rg8 10. Rg1 O-O-O 11. h3 Bh5 12. g4 Bg6 13. Qb3 Nb6 14. Nd2 e6 15.
Bf3 Qa5 16. Nc4 Nxc4 17. Qxc4 Bd6 18. a4 Qc7 19. b4 Bf4 20. b5 Bxe3 21. fxe3 c5
22. a5 cxd4 23. Qxc7+ Kxc7 24. cxd4 Bd3 25. Rc1+ Kd6 26. b6 axb6 27. axb6 Rc8
28. Kd2 Ba6 29. Rxc8 Rxc8 30. Rc1 Bc4 1/2-1/2

[Event "28th Czech Open E 2018"]
[Site "Pardubice CZE"]
[Date "2018.07.13"]
[Round "2.1"]
[White "Kolar, Pavel"]
[Black "Vrana, Jan"]
[Result "0-1"]
[BlackTitle "FM"]
[WhiteElo "2168"]
[BlackElo "2328"]
[WhiteTeam "JOLY LYSA NAD LABEM (MCR)"]
[BlackTeam "2222 SK POLABINY A (MCR)"]
[WhiteFideId "311510"]
[BlackFideId "322369"]
[EventDate "2018.07.12"]
[EventType "team"]

1. e4 e5 2. f4 Nc6 3. Nf3 f5 4. Qe2 fxe4 5. Nxe5 Nf6 6. d3 Qe7 7. Nxc6 dxc6 8.
Nc3 Bf5 9. dxe4 Nxe4 10. Bd2 Nxd2 11. Qxe7+ Bxe7 12. Kxd2 O-O-O+ 13. Bd3 Bf6 14.
Rad1 g5 15. Kc1 Bxd3 16. Rxd3 Rxd3 17. cxd3 gxf4 18. Rf1 Rg8 19. Rf2 Bd4 20. Re2
Kd7 21. Ne4 c5 22. Kc2 Rg6 23. h3 Re6 24. Kd1 Ra6 25. b3 Rg6 26. Nd2 Kd6 27. Nf3
Rg3 28. Kc2 Kd5 29. Kd1 h5 30. Ke1 Be3 31. Kf1 Rg6 32. Rc2 a5 33. Re2 a4 34.
bxa4 Ra6 35. g3 Rxa4 36. gxf4 Bxf4 37. Rb2 b6 38. Ke2 Ra8 39. Kf2 Rg8 40. Re2 b5
41. Re7 Ra8 42. Re2 Ra3 43. Ne1 h4 44. Kf3 Bg3 45. Nc2 Rxd3+ 46. Kg4 Kc4 47.
Ne3+ Kc3 48. Nf5 c4 49. Ne3 Rd2 0-1

[Event "28th Czech Open E 2018"]
[Site "Pardubice CZE"]
[Date "2018.07.13"]
[Round "2.2"]
[White "Novotny, Michal"]
[Black "Munk, Petr"]
[Result "1/2-1/2"]
[WhiteTitle "FM"]
[WhiteElo "2304"]
[BlackElo "2114"]
[WhiteTeam "2222 SK POLABINY A (MCR)"]
[BlackTeam "JOLY LYSA NAD LABEM (MCR)"]
[WhiteFideId "310980"]
[BlackFideId "317799"]
[EventDate "2018.07.12"]
[EventType "team"]

1. d4 Nf6 2. Nf3 g6 3. Nc3 Bg7 4. e4 d6 5. Be3 c6 6. Qd2 Qa5 7. h3 O-O 8. Bd3
Nbd7 9. O-O e5 10. a3 Re8 11. b4 Qc7 12. dxe5 dxe5 13. Na4 b6 14. Nc3 Nf8 15. b5
Bd7 16. bxc6 Bxc6 17. Nb5 1/2-1/2

[Event "28th Czech Open E 2018"]
[Site "Pardubice CZE"]
[Date "2018.07.13"]
[Round "2.3"]
[White "Husarik, Branko"]
[Black "Bernard, Borek"]
[Result "1/2-1/2"]
[WhiteElo "2096"]
[BlackElo "2313"]
[WhiteTeam "JOLY LYSA NAD LABEM (MCR)"]
[BlackTeam "2222 SK POLABINY A (MCR)"]
[WhiteFideId "324140"]
[BlackFideId "315672"]
[EventDate "2018.07.12"]
[EventType "team"]

1. e4 c5 2. Nf3 e6 3. b4 d5 4. e5 Nh6 5. bxc5 d4 6. Bb5+ Nc6 7. c3 Bxc5 8. Qa4
Bd7 9. Qc4 Qb6 10. Ba3 Bxa3 11. Nxa3 O-O 12. Nxd4 Nxd4 13. Bxd7 Rfd8 14. Qa4 Qb2
15. O-O Ne2+ 16. Kh1 Qxd2 17. Rad1 Nxc3 18. Qb4 Qxd1 19. Rxd1 Nxd1 20. Qxb7
Nxf2+ 21. Kg1 Nd3 22. Qc7 Nxe5 23. Qxe5 Rxd7 24. h3 Rd2 25. Nb5 Kh8 26. a4 Nf5
27. Qc7 a6 28. Qb7 Rdd8 29. Nc7 Rab8 30. Qxa6 h6 31. a5 Ne3 32. Qe2 Nd5 33. Nxd5
Rxd5 34. Qa6 Rb1+ 35. Kh2 Ra1 36. Qb7 Raxa5 37. Qxf7 Re5 38. h4 Kh7 39. Qf3 Kg8
40. Qd3 Rad5 41. Qc2 Rc5 42. Qd3 Rf5 43. Qd8+ Kh7 44. Qd3 Rd5 45. Qc2 h5 46. Kh3
Rc5 47. Qd3 Re5 48. Kh2 Rd5 49. Qc2 Rd7 50. Qc6 Re7 51. Qd6 Rff7 52. Qe5 g6 53.
Kh3 Kg8 54. Qb8+ Kg7 55. Qe5+ Rf6 56. Kh2 Kf7 57. Kh3 Rd7 58. Kh2 Ke7 59. Qc5+
Kf7 60. Qe5 1/2-1/2

[Event "28th Czech Open E 2018"]
[Site "Pardubice CZE"]
[Date "2018.07.13"]
[Round "2.4"]
[White "Bujnoch, Radek"]
[Black "Valtr, Tomas"]
[Result "1-0"]
[WhiteElo "2208"]
[BlackElo "1944"]
[WhiteTeam "2222 SK POLABINY A (MCR)"]
[BlackTeam "JOLY LYSA NAD LABEM (MCR)"]
[WhiteFideId "313300"]
[BlackFideId "311502"]
[EventDate "2018.07.12"]
[EventType "team"]

1. e4 c6 2. d4 d5 3. e5 c5 4. dxc5 e6 5. Be3 Nh6 6. c3 Nf5 7. Bd4 Nxd4 8. Qxd4
Nc6 9. Bb5 Qg5 10. g3 Qc1+ 11. Qd1 Qxb2 12. Bxc6+ bxc6 13. Nd2 Qxc3 14. Nf3 Ba6
15. Rc1 Qd3 16. Nb3 Qe4+ 17. Kd2 g6 18. Nfd4 Bh6+ 19. f4 Qd3+ 20. Ke1 Qe3+ 21.
Ne2 Qxe2+ 22. Qxe2 Bxe2 23. Kxe2 a5 24. Rb1 Kd7 25. Rb2 Rhb8 26. Rhb1 Kc7 27.
Nd4 Rxb2+ 28. Rxb2 Bf8 29. Rb6 a4 30. Kd3 Ra5 31. Rxc6+ Kd7 32. Rb6 Rxc5 33. Ra6
Rc4 34. Ra7+ Kd8 35. Rxf7 Bb4 36. Nxe6+ Ke8 37. Rxh7 Rc3+ 38. Kd4 Rc2 39. Nc7+
Kd8 40. Nxd5 Bc5+ 41. Kd3 Rxa2 42. e6 Ra1 43. Rh8+ 1-0

[Event "28th Czech Open E 2018"]
[Site "Pardubice CZE"]
[Date "2018.07.13"]
[Round "2.1"]
[White "Babicka, Michal"]
[Black "Konopka, Michal"]
[Result "0-1"]
[BlackTitle "IM"]
[WhiteElo "2023"]
[BlackElo "2359"]
[WhiteTeam "SK DECIN (MCR)"]
[BlackTeam "SK ZIKUDA TURNOV A (MCR)"]
[WhiteFideId "351849"]
[BlackFideId "308633"]
[EventDate "2018.07.12"]
[EventType "team"]

1. c4 Nf6 2. Nc3 d5 3. cxd5 Nxd5 4. g3 g6 5. Bg2 c6 6. Nf3 Bg7 7. O-O O-O 8. d4
Bf5 9. Re1 Nxc3 10. bxc3 Be4 11. Bf4 Nd7 12. Qd2 Re8 13. Bh6 Qc7 14. Bxg7 Kxg7
15. Qe3 Bd5 16. Qd3 Bxf3 17. Bxf3 e5 18. e3 Rad8 19. Rab1 e4 0-1

[Event "28th Czech Open E 2018"]
[Site "Pardubice CZE"]
[Date "2018.07.13"]
[Round "2.2"]
[White "Cech, Pavel"]
[Black "Sejkora, Vlastimil"]
[Result "1-0"]
[WhiteTitle "IM"]
[BlackTitle "FM"]
[WhiteElo "2345"]
[BlackElo "2104"]
[WhiteTeam "SK ZIKUDA TURNOV A (MCR)"]
[BlackTeam "SK DECIN (MCR)"]
[WhiteFideId "302139"]
[BlackFideId "302457"]
[EventDate "2018.07.12"]
[EventType "team"]

1. d4 g6 2. e4 c6 3. Nc3 d5 4. h3 dxe4 5. Nxe4 Bf5 6. Ng3 e6 7. Nf3 Nf6 8. Nxf5
gxf5 9. Bd3 Bd6 10. O-O Nbd7 11. Re1 O-O 12. c4 Qc7 13. d5 cxd5 14. cxd5 Nxd5
15. Bh6 Rfd8 16. Bxf5 N7f6 17. Rc1 Qa5 18. Bb1 Bf4 19. Bxf4 Nxf4 20. Qb3 Qd5 21.
Qc3 Kg7 22. Re5 Qd6 23. Rce1 Rac8 24. Qe3 N6d5 25. Qd4 f6 26. R5e4 Qb8 27. Qa4
b5 28. Qb3 Rc4 29. Rxc4 bxc4 30. Qxc4 Qxb2 31. Qe4 f5 32. Qa4 Qb6 33. Qa3 Rc8
34. Ne5 Rc3 35. Qa4 Qc7 36. Qd4 Kg8 37. Kh2 Ng6 38. g3 f4 39. Bxg6 fxg3+ 40.
fxg3 hxg6 41. Qg4 Rc2+ 42. Kh1 Ne7 43. Qxe6+ Kh8 44. Qxe7 1-0

[Event "28th Czech Open E 2018"]
[Site "Pardubice CZE"]
[Date "2018.07.13"]
[Round "2.3"]
[White "Janda, Zdenek"]
[Black "Sodoma, Jan"]
[Result "0-1"]
[BlackTitle "IM"]
[WhiteElo "2122"]
[BlackElo "2342"]
[WhiteTeam "SK DECIN (MCR)"]
[BlackTeam "SK ZIKUDA TURNOV A (MCR)"]
[WhiteFideId "309303"]
[BlackFideId "323195"]
[EventDate "2018.07.12"]
[EventType "team"]

1. d4 Nf6 2. Nf3 e6 3. Bf4 c5 4. e3 Qb6 5. Qc1 Nc6 6. c3 Nh5 7. Bg3 Nxg3 8. hxg3
d5 9. Nbd2 Bd7 10. g4 Rc8 11. Qb1 g6 12. Bd3 Bg7 13. g3 e5 14. dxe5 Bxg4 15. e4
Bxf3 16. Nxf3 dxe4 17. Bxe4 Nxe5 18. Nxe5 Bxe5 19. Qc2 O-O 20. f4 Bg7 21. O-O-O
Qa6 22. Kb1 b5 23. f5 Rfd8 24. fxg6 hxg6 25. Bd5 Rd6 26. Rhf1 Rd7 27. Qe4 Rf8
28. Rf3 Qb6 29. Rdf1 Qd8 30. Rd1 Qg5 31. Qd3 Bf6 32. Qe4 Kg7 33. Bb3 Rxd1+ 34.
Bxd1 b4 35. cxb4 Qd2 36. Qc2 Qxb4 37. a3 Qe1 38. Ka2 Rd8 39. Rd3 Qe6+ 40. Kb1
Rc8 41. Qe2 Qc6 42. Qf3 Qc7 43. Rb3 c4 44. Rb7 Qe5 45. Ka2 Rd8 46. Qe2 Qd5 47.
Qf3 Qxd1 0-1

[Event "28th Czech Open E 2018"]
[Site "Pardubice CZE"]
[Date "2018.07.13"]
[Round "2.4"]
[White "Vltavsky, Vladimir"]
[Black "Lesak, Jiri"]
[Result "1-0"]
[WhiteElo "2201"]
[BlackElo "1946"]
[WhiteTeam "SK ZIKUDA TURNOV A (MCR)"]
[BlackTeam "SK DECIN (MCR)"]
[WhiteFideId "309958"]
[BlackFideId "301850"]
[EventDate "2018.07.12"]
[EventType "team"]

1. e4 c6 2. d4 d5 3. e5 Bf5 4. Nf3 e6 5. Be2 Nd7 6. O-O Qc7 7. Nh4 Bg6 8. Nd2
Be7 9. Nxg6 hxg6 10. Nf3 Nh6 11. c3 Nf5 12. Bf4 O-O-O 13. b4 g5 14. Nxg5 Bxg5
15. Bxg5 f6 16. Bf4 g5 17. Bg3 Nxg3 18. fxg3 fxe5 19. Bg4 Rh6 20. Qd3 e4 21. Qe3
Rg8 22. Rf7 Rhg6 23. Raf1 Qd6 24. a3 R8g7 25. Qf2 Rg8 26. Qe3 R6g7 27. c4 Rxf7
28. Rxf7 dxc4 29. Qxe4 Re8 30. Qe3 Nf8 31. h4 gxh4 32. gxh4 Rd8 33. h5 Rd7 34.
Rf6 Rd8 35. h6 Qe7 36. Rf3 Rd6 37. Qf2 Rd8 38. Bh3 a6 39. Rf7 Qd6 40. h7 Ng6 41.
Rf6 Nh8 42. Rxe6 Qxd4 43. Rd6+ 1-0

[Event "28th Czech Open E 2018"]
[Site "Pardubice CZE"]
[Date "2018.07.13"]
[Round "3.1"]
[White "Pisk, Petr"]
[Black "Laznicka, Viktor"]
[Result "1-0"]
[WhiteTitle "IM"]
[BlackTitle "GM"]
[WhiteElo "2329"]
[BlackElo "2669"]
[WhiteTeam "MORAVSKA SLAVIA BRNO B (MCR)"]
[BlackTeam "MORAVSKA SLAVIA BRNO A (MCR)"]
[WhiteFideId "304689"]
[BlackFideId "316385"]
[EventDate "2018.07.12"]
[EventType "team"]

1. Nf3 d5 2. g3 Nf6 3. Bg2 Bf5 4. O-O e6 5. d3 Be7 6. Nbd2 h6 7. c4 c6 8. b3 O-O
9. Bb2 Bh7 10. Rc1 a5 11. a3 Nbd7 12. Rc2 Bd6 13. Qa1 Qe7 14. Re1 Rfe8 15. cxd5
cxd5 16. Nd4 Bc5 17. Nb5 Red8 18. Rec1 Ne8 19. Nf3 f6 20. Nfd4 Bb6 21. Bh3 Nf8
22. a4 Bxd4 23. Bxd4 Ra6 24. Nc7 Nxc7 25. Rxc7 Rd7 26. Rc8 Rd8 27. R8c7 Rd7 28.
Rc8 Rd8 29. R1c7 Qe8 30. Rxg7+ 1-0

[Event "28th Czech Open E 2018"]
[Site "Pardubice CZE"]
[Date "2018.07.13"]
[Round "3.2"]
[White "Polak, Tomas"]
[Black "Skacelik, Petr"]
[Result "1-0"]
[WhiteTitle "GM"]
[WhiteElo "2492"]
[BlackElo "2173"]
[WhiteTeam "MORAVSKA SLAVIA BRNO A (MCR)"]
[BlackTeam "MORAVSKA SLAVIA BRNO B (MCR)"]
[WhiteFideId "300560"]
[BlackFideId "307904"]
[EventDate "2018.07.12"]
[EventType "team"]

1. d4 Nf6 2. c4 g6 3. Nc3 Bg7 4. e4 d6 5. Nf3 O-O 6. Be2 Nbd7 7. O-O e5 8. Re1
c6 9. Bf1 Qe7 10. Rb1 a5 11. h3 Ne8 12. a3 Nc7 13. Bg5 f6 14. Be3 Rd8 15. Qc2
Nf8 16. Rbd1 Be6 17. dxe5 fxe5 18. c5 dxc5 19. Na4 Nd7 20. Nxc5 Nxc5 21. Bxc5
Qf7 22. Qc3 Rxd1 23. Rxd1 Qf4 24. Bd6 Nb5 25. Bxb5 cxb5 26. Bxe5 Bxe5 27. Qxe5
Qxe5 28. Nxe5 Ra6 29. Rd4 Kg7 30. f4 Kf6 31. h4 Ke7 32. g4 Kf6 33. Kf2 h6 34.
g5+ hxg5 35. hxg5+ Kg7 36. Ke3 Rb6 37. b4 axb4 38. axb4 Ra6 39. Rd8 Ra1 40. Rb8 1-0

[Event "28th Czech Open E 2018"]
[Site "Pardubice CZE"]
[Date "2018.07.13"]
[Round "3.3"]
[White "Pychova, Nela"]
[Black "Blatny, Pavel"]
[Result "0-1"]
[WhiteTitle "WFM"]
[BlackTitle "GM"]
[WhiteElo "2130"]
[BlackElo "2335"]
[WhiteTeam "MORAVSKA SLAVIA BRNO B (MCR)"]
[BlackTeam "MORAVSKA SLAVIA BRNO A (MCR)"]
[WhiteFideId "351369"]
[BlackFideId "300047"]
[EventDate "2018.07.12"]
[EventType "team"]

1. Nf3 b6 2. g3 Bb7 3. Bg2 e5 4. d3 d6 5. c4 Nd7 6. Nc3 g6 7. Bd2 Bg7 8. O-O Ne7
9. Rb1 Nc5 10. b4 Ne6 11. a4 Rb8 12. a5 O-O 13. Ra1 f5 14. axb6 axb6 15. Ra7 Bc8
16. Ng5 e4 17. Nb5 c6 18. Nxe6 Bxe6 19. Bg5 Bf6 20. Nd4 Bd7 21. Bxf6 Rxf6 22.
dxe4 c5 23. bxc5 Nc8 24. Ra3 bxc5 25. Nc2 f4 26. gxf4 Rxf4 27. Qd5+ Kg7 28. Rf3
Rxf3 29. exf3 Qf6 30. Ne3 Ne7 31. Qd3 Nc6 32. Nd5 Qd4 33. Qxd4+ Nxd4 34. f4 Be6
35. e5 Bxd5 36. Bxd5 Ne2+ 37. Kh1 Nxf4 38. exd6 Rd8 39. Re1 Nxd5 40. cxd5 Rxd6
41. Re7+ Kf6 42. Rxh7 Ke5 43. Rc7 Kxd5 44. Kg2 Kd4 45. Kf3 c4 46. Kg4 Rd5 47. f4
c3 48. Kf3 Kd3 49. h4 c2 0-1

[Event "28th Czech Open E 2018"]
[Site "Pardubice CZE"]
[Date "2018.07.13"]
[Round "3.4"]
[White "Vojta, Tomas"]
[Black "Kredl, Karel"]
[Result "1/2-1/2"]
[WhiteTitle "FM"]
[WhiteElo "2350"]
[BlackElo "2113"]
[WhiteTeam "MORAVSKA SLAVIA BRNO A (MCR)"]
[BlackTeam "MORAVSKA SLAVIA BRNO B (MCR)"]
[WhiteFideId "308781"]
[BlackFideId "315893"]
[EventDate "2018.07.12"]
[EventType "team"]

1. e4 c5 2. f4 e6 3. Qe2 Nc6 4. Nf3 Nge7 5. d3 d5 6. c3 g6 7. g3 Bg7 8. Bg2 O-O
9. Na3 a6 10. Nc2 b5 11. e5 b4 12. cxb4 Nxb4 13. Nxb4 cxb4 14. Be3 Qa5 15. O-O
Bd7 16. Nd4 Rfc8 17. g4 Rab8 18. Qf2 Qd8 19. Qg3 Nc6 20. Nb3 Na5 21. Nd4 Nc6 22.
h4 Nxd4 23. Bxd4 Rc2 24. f5 Rbc8 25. fxg6 hxg6 26. Rf3 Rd2 27. Qf4 Rcc2 28.
Qxf7+ Kh7 29. Bf2 Qe8 30. Qf4 Rxb2 31. Rf1 Bb5 32. Qg3 Qb8 1/2-1/2

[Event "28th Czech Open E 2018"]
[Site "Pardubice CZE"]
[Date "2018.07.13"]
[Round "3.1"]
[White "Potapov, Pavel"]
[Black "Rubes, Jan"]
[Result "1-0"]
[WhiteTitle "GM"]
[BlackTitle "FM"]
[WhiteElo "2500"]
[BlackElo "2314"]
[WhiteTeam "YAMAL 1"]
[BlackTeam "CAPTAIN DAVE"]
[WhiteFideId "4169786"]
[BlackFideId "338176"]
[EventDate "2018.07.12"]
[EventType "team"]

1. e4 e5 2. Nf3 Nc6 3. Bb5 a6 4. Ba4 Nf6 5. Bxc6 dxc6 6. d3 Bd6 7. Nbd2 O-O 8.
O-O Nd7 9. Nc4 Re8 10. b3 c5 11. Bb2 f6 12. Nh4 Nb8 13. Nf5 Bxf5 14. exf5 Nc6
15. Ne3 Qd7 16. Qg4 Rad8 17. Rad1 Qf7 18. Rfe1 Nd4 19. Qe4 Nc6 20. h3 Bf8 21. g3
Rd4 22. Qg2 Rdd8 23. Kh1 Kh8 24. g4 Qd7 25. f3 Ne7 26. Nf1 Nd5 27. Ng3 Nf4 28.
Qf1 b5 29. Ne4 Qc6 30. c4 Rd7 31. Bc1 Red8 32. Bxf4 exf4 33. Kg2 Rd4 34. Nf2 Bd6
35. Re6 Qd7 36. Rde1 a5 37. Qe2 h6 38. h4 Be5 39. Ne4 bxc4 40. bxc4 Qa4 41. Nxc5
Qa3 42. Rxe5 fxe5 43. Qxe5 Rxd3 44. Nxd3 Qxd3 45. f6 Qg6 46. fxg7+ Qxg7 47. Qxf4
a4 48. Re6 1-0